Discursos de recepción leídos en la Real Academia de Ciencias Morales y Políticas (Record no. 173066)

MARC details
000 -LEADER
campo de control de longitud fija 01692nas a2200265 i 4500
001 - NÚMERO DE CONTROL
campo de control 173066
003 - IDENTIFICADOR DE NÚMERO DE CONTROL
campo de control ES-MaACL
005 - FECHA Y HORA DE LA ÚLTIMA TRANSACCIÓN
campo de control 20251114120707.0
007 - CAMPO FIJO DE DESCRIPCIÓN FÍSICA--INFORMACIÓN GENERAL
campo de control de longitud fija t|
008 - DATOS DE LONGITUD FIJA--INFORMACIÓN GENERAL
campo de control de longitud fija 091023c19311935sp a| | 1 ||pa d
080 ## - NÚMERO DE LA CLASIFICACIÓN DECIMAL UNIVERSAL
Número de la Clasificación Decimal Universal 3 : 061.12(460)
110 2# - ENTRADA PRINCIPAL--NOMBRE DE ENTIDAD CORPORATIVA
Nombre de entidad corporativa o nombre de jurisdicción como elemento de entrada Real Academia de Ciencias Morales y Políticas (España)
9 (RLIN) 222050
245 10 - MENCIÓN DEL TÍTULO
Título Discursos de recepción leídos en la Real Academia de Ciencias Morales y Políticas
Fechas predominantes 1931-1935.
260 ## - PUBLICACIÓN, DISTRIBUCIÓN, ETC.
Lugar de publicación, distribución, etc. Madrid :
Nombre del editor, distribuidor, etc. [s. n.],
Fecha de publicación, distribución, etc. 1931 (Talleres Voluntad)
300 ## - DESCRIPCIÓN FÍSICA
Extensión 1 v. ;
Dimensiones 26 cm.
505 8# - NOTA DE CONTENIDO CON FORMATO
Nota de contenido con formato Contiene: T. XVI: La actuación de las economías nacionales desntro de la vida económica internacional / Rafael Marín Lázaro (211 p.). Contestación / Marqués de Lema (p. 212-224). Opinión pública y masa neutra / Pedro Sangro y Ros de Olano (63 p.). Contestación / Juan Armada y Losada. Marqués de Fugueroa (p. 65-78). Las ciencias morales y políticas y la sociedad internacional / Salvador de Madaraiga y Torres (22 p.). Contestación / Álvaro Figueroa y Torres (p. 23-36). El concepto de la soberanía en la escuela jurídica española del siglo XVI / Eloy Bullón y Fernández (109 p.). Contestación / Severino Aznar Embid (p. 111-146).
700 1# - ENTRADA AGREGADA--NOMBRE PERSONAL
Nombre de persona Marín Lázaro, Rafael.
9 (RLIN) 76794
700 1# - ENTRADA AGREGADA--NOMBRE PERSONAL
Nombre de persona Lema, Salvador Bermúdez de Castro y O'Lawlor,
Títulos y otros términos asociados al nombre Marqués de
9 (RLIN) 71444
700 1# - ENTRADA AGREGADA--NOMBRE PERSONAL
Nombre de persona Sangro y Ros de Olano, Pedro,
Títulos y otros términos asociados al nombre Marqués de Guad-el-Jelú.
9 (RLIN) 103144
700 1# - ENTRADA AGREGADA--NOMBRE PERSONAL
Nombre de persona Figueroa, Juan Armada y Losada,
Títulos y otros términos asociados al nombre Marqués de,
Fechas asociadas al nombre 1861-1932
9 (RLIN) 50781
700 1# - ENTRADA AGREGADA--NOMBRE PERSONAL
Nombre de persona Bullón y Fernández, Eloy,
Títulos y otros términos asociados al nombre Marqués de Selva Alegre,
Fechas asociadas al nombre 1879-1957
9 (RLIN) 32523
700 1# - ENTRADA AGREGADA--NOMBRE PERSONAL
Nombre de persona Aznar, Severino,
Fechas asociadas al nombre 1870-1959
9 (RLIN) 24307
852 ## - LOCALIZACIÓN
Ubicación ES-MaACL
Número de control de estantería K-198
Holdings
Estatus retirado Estado de pérdida Estado de daño No para préstamo Colección Biblioteca de origen Biblioteca actual Ubicación en estantería Fecha de adquisición Total de préstamos Signatura topográfica completa Código de barras Visto por última vez Precio de reemplazo Tipo de ítem Koha
        Periódicos y Revistas Biblioteca del Ateneo de Madrid Biblioteca del Ateneo de Madrid Administración 23/10/2009   K-198 1181596 23/02/2023 23/02/2023 Revista